[Event "Las Palmas op"]
[Site "Las Palmas"]
[Date "1993.??.??"]
[Round "?"]
[White "Solana Suarez, Ernesto"]
[Black "Van Wely, Loek"]
[Result "0-1"]
[WhiteElo "2335"]
[BlackElo "2590"]

1.d4 Nf6 2.Nf3 g6 3.c4 Bg7 4.Nc3 d6 5.e4 O-O 6.Be2 e5 7.O-O Nc6 8.d5 Ne7
9.Nd2 a5 10.a3 Bd7 11.Rb1 a4 12.b4 axb3 13.Qxb3 b6 14.a4 Nh5 15.Bxh5 gxh5
16.Qb4 f5 17.f3 h4 18.h3 Rf6 19.Ra1 Rg6 20.Kh2 Kh8 21.Nb5 Qg8 22.Rf2 Bh6
23.Nf1 Rc8 24.Bxh6 Rxh6 25.Qd2 Qg7 26.a5 bxa5 27.Rxa5 f4 28.Ra7 Rg8 29.Rxc7 Bxh3
30.Rxe7 Qxe7 31.Kxh3 Rg3+ 32.Kh2 h3 33.Kg1 Rxg2+ 34.Rxg2 hxg2 35.Nh2 Qh4
36.Qxg2 Rg6 37.Ng4 h5 38.Qf2 Qxf2+ 39.Kxf2 hxg4 40.fxg4 Kg8 41.Kf3 Kf7 42.g5 Ke7
43.Kg4 Rxg5+  0-1

[Event "Las Palmas Pirez"]
[Site "Las Palmas"]
[Date "1993.??.??"]
[Round "5"]
[White "Solana Suarez, Ernesto"]
[Black "Menvielle Lacourrelle, Augusto"]
[Result "1-0"]
[WhiteElo "2335"]
[BlackElo "2305"]

1.Nf3 Nf6 2.c4 g6 3.Nc3 Bg7 4.d4 O-O 5.e4 d6 6.Be2 e5 7.O-O Nc6 8.d5 Ne7
9.Nd2 a5 10.a3 Ne8 11.Rb1 f5 12.b4 Nf6 13.f3 c6 14.Qc2 Bh6 15.Kh1 axb4 16.axb4 fxe4
17.fxe4 Ng4 18.Bxg4 Bxg4 19.h3 Bd7 20.c5 Qc7 21.Rxf8+ Bxf8 22.Nc4 Nc8 23.Be3 Qd8
24.Rf1 cxd5 25.Nxd5 Be6 26.Qd2 Be7 27.Bh6 Bf7 28.cxd6 Bxd6 29.Nf6+ Kh8 30.Nxe5 Be6
31.Qg5 Qe7 32.Nd3 Nb6 33.e5 Bc7 34.Nc5 Bc4 35.Re1 Ra2 36.Qf4 Bd6 37.Ng4 Bd5
38.Ne4 Bxb4 39.Bg5 Qd7 40.Qf6+ Qg7 41.Qd8+  1-0

[Event "Leeuwarden op"]
[Site "Leeuwarden"]
[Date "1993.??.??"]
[Round "1"]
[White "Kohler, Aran"]
[Black "Sokolov, Ivan"]
[Result "0-1"]
[WhiteElo "2340"]
[BlackElo "2610"]

1.d4 Nf6 2.Nf3 g6 3.c4 Bg7 4.Nc3 O-O 5.e4 d6 6.Be2 e5 7.O-O Nc6 8.d5 Ne7
9.Bg5 h6 10.Bxf6 Bxf6 11.b4 Bg7 12.c5 f5 13.Nd2 Bd7 14.Bb5 Bc8 15.Be2 Kh8
16.Rc1 a6 17.a4 Ng8 18.Nc4 Nf6 19.cxd6 cxd6 20.f3 h5 21.a5 Bh6 22.Rc2 h4
23.Qe1 Nh5 24.Bd1 Qf6 25.Nb6 Rb8 26.b5 Bf4 27.bxa6 bxa6 28.Nca4 Qg5 29.Nc4 Bd7
30.Nab6 Bb5 31.Rff2 Rbd8 32.Rfe2 Rf6 33.Rc3 Ng3 34.hxg3 hxg3 35.Rb2 Qh4 36.Kf1 Qh1+
37.Ke2 Qxg2+ 38.Kd3 Qxb2 39.Qh1+ Qh2 40.Qe1 g2  0-1

[Event "Leeuwarden op"]
[Site "Leeuwarden"]
[Date "1993.??.??"]
[Round "4"]
[White "Hoeksema, Hendrik Pieter"]
[Black "Nijboer, Friso"]
[Result "1/2-1/2"]
[WhiteElo "2405"]
[BlackElo "2555"]

1.d4 Nf6 2.c4 g6 3.Nc3 Bg7 4.e4 d6 5.Nf3 O-O 6.Be2 e5 7.O-O Nc6 8.d5 Ne7
9.Nd2 a5 10.a3 Bd7 11.b3 c6 12.Rb1 Qb8 13.b4 cxd5 14.cxd5 Rc8 15.Bb2 axb4
16.axb4 b5 17.Ra1 Rxa1 18.Qxa1 Bh6 19.Ndb1 Qb6 20.Na3 Bd2 21.Nab1 Bh6 22.Na3 Rxc3
23.Bxc3 Nxe4 24.Bf3 Ng5 25.Qd1 Qb7 26.Be2 Ne4 27.Bb2 Nxd5 28.Bf3 Nef6 29.Qb3 e4
30.Bd1 Be6 31.Nc2 Nf4 32.Qc3 Bg7 33.Qd2 Nd3 34.Bd4 Bc4 35.Ne3 Nd5 36.Bxg7 Kxg7
37.Nf5+ gxf5 38.Qg5+ Kf8  1/2-1/2

[Event "Liechtenstein op"]
[Site "Liechtenstein"]
[Date "1993.??.??"]
[Round "7"]
[White "Nemet, Ivan"]
[Black "Chiong, Luiz"]
[Result "1-0"]
[WhiteElo "2410"]
[BlackElo "2390"]

1.d4 Nf6 2.c4 g6 3.Nc3 Bg7 4.e4 d6 5.Nf3 O-O 6.Be2 e5 7.O-O Nc6 8.d5 Ne7
9.Nd2 Ne8 10.b4 f5 11.c5 Kh8 12.Nc4 Ng8 13.exf5 gxf5 14.f4 exf4 15.Bb2 Ne7
16.Bf3 Ng6 17.Ne2 Nf6 18.Qd2 Nh4 19.Nxf4 Nxf3+ 20.Rxf3 Qe7 21.Rg3 Rf7 22.Re1 Ne4
23.Rxg7 Rxg7 24.Nh5 Kg8 25.Bxg7 Qxg7 26.Rxe4  1-0

[Event "Linares NL"]
[Site "Linares"]
[Date "1993.??.??"]
[Round "9"]
[White "Vera, Reynaldo"]
[Black "Hernandez, Gilberto"]
[Result "1/2-1/2"]
[WhiteElo "2515"]
[BlackElo "2505"]

1.d4 Nf6 2.c4 g6 3.Nc3 Bg7 4.e4 d6 5.Be2 O-O 6.Nf3 e5 7.O-O Nc6 8.d5 Ne7
9.b4 Nh5 10.g3 f5 11.Ng5 Nf6 12.f3 Kh8 13.Kg2 Neg8 14.c5 Qe7 15.cxd6 cxd6
16.Qb3 fxe4 17.fxe4 Ng4 18.Bd2 Bd7 19.Ne6 Rxf1 20.Rxf1 Bh6 21.Bxh6 N8xh6
22.Rf3 Nf6 23.a4 Nf7 24.Rf1 Rg8 25.a5 Nd8 26.Bc4 Re8 27.Nc7 Rf8 28.Ne6 Re8
29.Nc7 Rf8 30.Ne6  1/2-1/2

[Event "SWE-ch+"]
[Site "Lindesberg"]
[Date "1993.??.??"]
[Round "3"]
[White "Degerman, Lars"]
[Black "Eriksson, Johan"]
[Result "1/2-1/2"]
[WhiteElo "2460"]
[BlackElo "2305"]

1.c4 g6 2.Nc3 Bg7 3.d4 Nf6 4.e4 d6 5.Nf3 O-O 6.Be2 e5 7.O-O Nc6 8.d5 Ne7
9.Ne1 Nd7 10.Be3 f5 11.f3 f4 12.Bf2 g5 13.a4 h5 14.Nb5 Nf6 15.Nxa7 Bd7 16.c5 g4
17.cxd6 cxd6 18.Nb5 g3 19.hxg3 fxg3 20.Bxg3 Ng6 21.Bf2 Ne8 22.Nd3 h4 23.f4 exf4
24.Bg4 h3 25.gxh3 f3 26.Bg3 Bxg4 27.hxg4 Qb6+ 28.Bf2 Qd8 29.Bg3 Qb6+ 30.Bf2 Qd8
31.Qd2 Ne5 32.Nxe5 Bxe5 33.Qh6 Ng7 34.Nd4 Rf6 35.Qh3 Rf4 36.Nxf3 Qd7 37.Bg3 Qxg4
38.Qxg4 Rxg4 39.Nxe5 dxe5 40.Kh2 Rxe4 41.b3 Rd8 42.Rad1 Rd4 43.Rxd4 exd4
44.d6 Ne8 45.Rd1 Nxd6 46.Rxd4 Nf7 47.Rb4 Rd7 48.a5 Nd8 49.Rb6 Kf7 50.b4 Ne6
51.Be5 Nf8 52.Kg3 Ke8 53.Kf4 Rf7+ 54.Ke4 Re7 55.Rb5 Rd7 56.Bf6 Rf7 57.Rb6 Rc7
58.Kf5 Rf7 59.b5 Rc7 60.Bd4 Nd7 61.Rd6 Ke7 62.Rd5 Rc8 63.Ke4 Ke6 64.Rh5 Kd6
65.Rh6+ Kc7 66.Kd5 Rd8 67.Rh7 Kb8 68.Kc4 Rc8+ 69.Kb4 Rd8 70.Rg7 Kc8 71.Bf2 Re8
72.Bg3 Re4+ 73.Kc3 Re8 74.Kc4 Rd8 75.a6 Nb6+ 76.Kb4 bxa6 77.bxa6 Rd7 78.Rg8+ Rd8
79.Rxd8+ Kxd8 80.Kb5 Nc8 81.Bb8 Kd7 82.Kc5 Kd8 83.Kc6 Ne7+ 84.Kb7 Nc8 85.Bg3 Kd7
86.Kb8 Kd8  1/2-1/2

[Event "Lippstadt"]
[Site "Lippstadt"]
[Date "1993.??.??"]
[Round "?"]
[White "Brenke, Andreas"]
[Black "Matthias, Heiner"]
[Result "1/2-1/2"]
[WhiteElo "2285"]
[BlackElo "2335"]

1.Nf3 Nf6 2.c4 d6 3.Nc3 g6 4.d4 Bg7 5.e4 O-O 6.Be2 e5 7.O-O Nc6 8.d5 Ne7
9.Ne1 Nd7 10.Nd3 f5 11.Bd2 Nf6 12.f3 Kh8 13.a4 a5 14.g4 c5 15.Kg2 f4 16.h4 h5
17.g5 Ne8 18.Nb5 Qd7  1/2-1/2

[Event "Lisboa zt"]
[Site "Lisboa"]
[Date "1993.??.??"]
[Round "8"]
[White "Illescas Cordoba, Miguel"]
[Black "Garcia, Raul"]
[Result "1-0"]
[WhiteElo "2615"]
[BlackElo "2300"]

1.d4 Nf6 2.c4 g6 3.Nc3 Bg7 4.e4 d6 5.Be2 O-O 6.Nf3 e5 7.O-O Nc6 8.d5 Ne7
9.Ne1 Nd7 10.f3 f5 11.Be3 f4 12.Bf2 g5 13.a4 Nf6 14.c5 Ne8 15.cxd6 cxd6 16.Nb5 a6
17.Na3 Bd7 18.Nc4 Nc8 19.Qb3 Rb8 20.Nb6 Nf6 21.Nxd7 Nxd7 22.Nd3 Rf7 23.Rfc1 Nf6
24.Rc4 Qd7 25.Rac1 Ne8 26.a5 Bf6 27.Qc3 Ne7 28.Qb4 Rc8 29.Bd1 Rxc4 30.Qxc4 Ng6
31.Ba4 Qe7 32.Qc8 Rf8 33.Qd7 Qxd7 34.Bxd7 Kf7 35.Rc8 Ne7 36.Rb8  1-0

[Event "Ljubljana op"]
[Site "Ljubljana"]
[Date "1993.??.??"]
[Round "?"]
[White "Jelen, Igor"]
[Black "Burovic, Ismet"]
[Result "1-0"]
[WhiteElo "2325"]
[BlackElo "2285"]

1.d4 g6 2.c4 Bg7 3.Nc3 d6 4.e4 Nf6 5.Nf3 O-O 6.Be2 e5 7.O-O Nc6 8.d5 Ne7
9.Ne1 Nd7 10.Nd3 f5 11.f3 Kh8 12.Be3 Nf6 13.c5 Rf7 14.cxd6 cxd6 15.Rc1 Neg8
16.a4 Bh6 17.Bxh6 Nxh6 18.Qd2 Nhg8 19.Nf2 f4 20.Nb5 Ne8 21.Rc2 h5 22.Rfc1 a6
23.Na3 Bd7 24.Qb4 Rg7 25.Nc4 b5 26.Na5 g5 27.axb5 axb5 28.Nc6 Qf6 29.h3 Nh6
30.Qxb5 g4 31.fxg4 hxg4 32.hxg4 Nxg4 33.Bxg4 Bxg4 34.Nxg4 Rxg4 35.Qb7 f3
36.Qxa8 Qg6 37.g3 Rxg3+ 38.Kf2 Rg2+ 39.Ke3 Qh6+ 40.Kd3 Qh5 41.Qa7 Nf6 42.Ne7 f2
43.Rc8+ Ne8 44.Rxe8+ Qxe8 45.Rh1+ Kg7 46.Nf5+ Kf6 47.Rh6+ Rg6 48.Qg7+ Kg5
49.Rxg6+ Qxg6 50.Qxg6+  1-0

[Event "Ljubljana op"]
[Site "Ljubljana"]
[Date "1993.??.??"]
[Round "?"]
[White "Tratar, Marko"]
[Black "Burovic, Ismet"]
[Result "1-0"]
[WhiteElo "2290"]
[BlackElo "2285"]

1.d4 Nf6 2.Nf3 g6 3.c4 Bg7 4.Nc3 O-O 5.e4 d6 6.Be2 e5 7.O-O Nc6 8.d5 Ne7
9.Nd2 Ne8 10.b4 f5 11.c5 Rf7 12.a4 g5 13.exf5 Bxf5 14.Nde4 h6 15.Bh5 Bg6
16.Be3 Bf8 17.Bxg6 Nxg6 18.Qg4 Ng7 19.a5 Be7 20.a6 b6 21.cxb6 cxb6 22.Rac1 h5
23.Qd1 Nf4 24.Nb5 g4 25.Bxf4 Rxf4 26.Qd3 Ne8 27.Ng3 e4 28.Nxe4 h4 29.Nd4 Ng7
30.g3 Rf7 31.f4 gxf3 32.Rxf3 Rxf3 33.Qxf3 Qd7 34.Ne6 Nxe6 35.Qg4+ Kh8 36.dxe6 Qb5
37.Rf1 Rg8 38.Qf4 Qh5 39.Nf6 Bxf6 40.Qxf6+ Rg7 41.Rf4 Qd1+ 42.Kg2  1-0

[Event "London Lloyds"]
[Site "London"]
[Date "1993.??.??"]
[Round "2"]
[White "Murugan, Krishnamoorthy"]
[Black "McKenna, Jason"]
[Result "1/2-1/2"]
[WhiteElo "2430"]
[BlackElo "2160"]

1.d4 g6 2.c4 Nf6 3.Nc3 Bg7 4.e4 d6 5.Nf3 O-O 6.Be2 e5 7.O-O Nc6 8.Be3 Re8
9.d5 Nd4 10.Nxd4 exd4 11.Bxd4 Nxe4 12.Nxe4 Rxe4 13.Bxg7 Kxg7 14.Rc1 Qf6 15.Bf3 Re8
16.Qd2 b6 17.Rc3 Bd7 18.b4 a5 19.a3 axb4 20.axb4 Ra4 21.Rb3 Rea8 22.h3 Ra3
23.Bd1 Rxb3 24.Bxb3 Ra1 25.Rxa1 Qxa1+ 26.Kh2 Ba4 27.Bxa4 Qxa4 28.Qc3+ Kg8
29.g3 Qd1 30.Kg2 b5 31.g4 bxc4 32.Qxc4 Qd2 33.Kg3 Qd1 34.Kg2 Qd2 35.b5 Kg7
36.Kg3 Qd1 37.Qxc7 Qg1+ 38.Kf3 Qd1+ 39.Ke3 Qe1+ 40.Kf3 Qd1+ 41.Kg3 Qg1+ 42.Kf3  1/2-1/2

[Event "London Lloyds"]
[Site "London"]
[Date "1993.??.??"]
[Round "3"]
[White "Van der Sterren, Paul"]
[Black "Lane, Gary W"]
[Result "1-0"]
[WhiteElo "2525"]
[BlackElo "2430"]

1.d4 Nf6 2.c4 g6 3.Nc3 Bg7 4.e4 d6 5.Nf3 O-O 6.Be2 e5 7.O-O Nc6 8.d5 Ne7
9.Nd2 a5 10.a3 Nd7 11.Rb1 f5 12.b4 Kh8 13.f3 Ng8 14.Qc2 Bh6 15.c5 axb4 16.axb4 dxc5
17.bxc5 Nxc5 18.Nb5 b6 19.Nb3 Bxc1 20.Rfxc1 fxe4 21.Nxc5 bxc5 22.fxe4 Qg5
23.Rf1 Bh3 24.Bf3 Rf7 25.Qc1 Rf4 26.Kh1 Bxg2+ 27.Bxg2 Ra2 28.Bh3 Qh4 29.Rxf4 exf4
30.Qc3+ Nf6 31.Nxc7 Kg8 32.Rb8+ Kf7 33.Ne6  1-0

[Event "London Lloyds"]
[Site "London"]
[Date "1993.??.??"]
[Round "4"]
[White "Van der Sterren, Paul"]
[Black "Hebden, Mark"]
[Result "1-0"]
[WhiteElo "2525"]
[BlackElo "2560"]

1.d4 Nf6 2.c4 g6 3.Nc3 Bg7 4.e4 d6 5.Be2 O-O 6.Nf3 e5 7.O-O Nc6 8.d5 Ne7
9.Nd2 Ne8 10.b4 f5 11.c5 Kh8 12.a4 Ng8 13.a5 Nh6 14.Nc4 f4 15.Ba3 g5 16.b5 g4
17.g3 dxc5 18.Bxc5 Rg8 19.b6 cxb6 20.axb6 a6 21.Qb3 Nf7 22.Qb4 Qg5 23.Rfd1 Qh6
24.Be7 Nf6 25.Nd6 Ng5 26.Kh1 Bf8 27.Bxf8 Rxf8 28.Rg1 Nh3 29.Rgf1 Rb8 30.Nc4 f3
31.Bd3 Bd7 32.Nxe5 Rbe8 33.Qd4 Qg7 34.Nc4 Re7 35.e5 Nh5 36.Rfe1 Bb5 37.Nxb5 axb5
38.Nd6 Qg5 39.e6+ Qf6 40.Qe3 Qb2 41.Rf1 Nf6 42.Qh6 Nxf2+ 43.Rxf2 Qxa1+ 44.Rf1 Qa2
45.Qxf8+ Ng8 46.Rxf3 Qxd5 47.Nf7+ Rxf7 48.Qxf7 Qxf3+ 49.Qxf3 gxf3 50.Be4  1-0

[Event "London Lloyds"]
[Site "London"]
[Date "1993.??.??"]
[Round "4"]
[White "Murugan, Krishnamoorthy"]
[Black "Saunders, John C"]
[Result "1-0"]
[WhiteElo "2430"]
[BlackElo "2245"]

1.d4 Nf6 2.c4 g6 3.Nc3 Bg7 4.e4 d6 5.Nf3 O-O 6.Be2 e5 7.O-O Nc6 8.d5 Ne7
9.b4 Nh5 10.g3 f5 11.Ng5 Nf6 12.f3 c6 13.Kg2 cxd5 14.cxd5 h6 15.Ne6 Bxe6
16.dxe6 Rc8 17.Qb3 Qb6 18.Bd2 fxe4 19.Nxe4 Nxe4 20.fxe4 Qd4 21.Qd3 d5 22.Qxd4 exd4
23.Bd3 dxe4 24.Bxe4 b6 25.Rac1 Nf5 26.Rxf5 gxf5 27.Bd5 Kh8 28.e7 Rfe8 29.Rxc8 Rxc8
30.Bc6  1-0

[Event "London Lloyds"]
[Site "London"]
[Date "1993.??.??"]
[Round "5"]
[White "Houska, Miroslav"]
[Black "Thipsay, Praveen Mahadeo"]
[Result "0-1"]
[WhiteElo "2300"]
[BlackElo "2465"]

1.d4 Nf6 2.Nf3 g6 3.c4 Bg7 4.Nc3 d6 5.e4 O-O 6.Be2 e5 7.O-O Nc6 8.d5 Ne7
9.b4 Nh5 10.Nd2 Nf4 11.a4 f5 12.Bf3 Kh8 13.Nb3 Ng8 14.c5 fxe4 15.Bxe4 Nf6
16.cxd6 cxd6 17.Bxf4 Nxe4 18.Bd2 Bf5 19.Nxe4 Bxe4 20.Be3 Qc7 21.Qd2 Qf7 22.Rfd1 Qf5
23.Qe2 Bc2 24.Na5 Bxd1 25.Rxd1 Rf7 26.b5 Rd7 27.Qc4 Bf6 28.b6 axb6 29.Bxb6 Bd8
30.Bxd8 Raxd8 31.Qb5 Rf8 32.Rf1 Rff7 33.Nc4 Qe4 34.Nb6 Rd8 35.Qa5 Qd4 36.Nc4 Rdf8
37.Ne3 Qxe3  0-1

[Event "London Lloyds"]
[Site "London"]
[Date "1993.??.??"]
[Round "7"]
[White "Murugan, Krishnamoorthy"]
[Black "Wood, David A"]
[Result "1/2-1/2"]
[WhiteElo "2430"]
[BlackElo "2270"]

1.d4 Nf6 2.c4 g6 3.Nc3 Bg7 4.e4 d6 5.Nf3 O-O 6.Be2 e5 7.O-O Nc6 8.d5 Ne7
9.b4 Nh5 10.g3 f5 11.Ng5 Nf6 12.f3 c6 13.Kg2 Ne8 14.Qb3 Nc7 15.c5 cxd5 16.Nxd5 Nexd5
17.Bc4 Bf6 18.cxd6 Qxd6 19.b5 Bxg5 20.Bxg5 fxe4 21.fxe4 Be6 22.Rxf8+ Rxf8
23.exd5 Qxd5+ 24.Bxd5 Bxd5+ 25.Qxd5+ Nxd5 26.Re1 Re8 27.Rd1 Nb6 28.Be3 Kf7
29.Bxb6 axb6 30.Rd6 Re6 31.Rd7+  1/2-1/2

[Event "London Lloyds"]
[Site "London"]
[Date "1993.??.??"]
[Round "9"]
[White "Murugan, Krishnamoorthy"]
[Black "Stirling, Bill"]
[Result "1-0"]
[WhiteElo "2430"]
[BlackElo "2245"]

1.d4 Nf6 2.c4 g6 3.Nc3 Bg7 4.e4 d6 5.Nf3 O-O 6.Be2 e5 7.O-O Nc6 8.d5 Ne7
9.b4 Ne8 10.Nd2 f5 11.a4 Kh8 12.Ba3 Ng8 13.c5 Nh6 14.f3 f4 15.Nc4 g5 16.a5 Rf6
17.b5 dxc5 18.Bxc5 Rg6 19.h3 Nf7 20.b6 axb6 21.axb6 Rxa1 22.Qxa1 cxb6 23.Bf2 Bd7
24.Rb1 h5 25.Rxb6 Bf6 26.Rxb7 g4 27.hxg4 hxg4 28.fxg4 Bh4 29.Nd1 Bf6 30.Qa7  1-0

[Event "London Lloyds"]
[Site "London"]
[Date "1993.??.??"]
[Round "10"]
[White "Kumaran, Dharshan"]
[Black "Hebden, Mark"]
[Result "1-0"]
[WhiteElo "2425"]
[BlackElo "2560"]

1.d4 Nf6 2.c4 g6 3.Nc3 Bg7 4.e4 d6 5.Nf3 O-O 6.Be2 e5 7.O-O Nc6 8.Be3 Ng4
9.Bg5 f6 10.Bc1 Nh6 11.d5 Ne7 12.b4 g5 13.h4 gxh4 14.Nxh4 f5 15.exf5 Nexf5
16.Nxf5 Bxf5 17.Be3 Qh4 18.Rc1 e4 19.Qd2 Bg4 20.Bg5 Qh5 21.Bxh6 Bxe2 22.Bxg7 Bf3
23.Nxe4 Bxe4 24.Bxf8 Bxg2 25.Qh6 Qg4 26.Kh2 Rxf8 27.Rg1 Rf6 28.Qe3 Rg6 29.Qe8+ Kg7
30.Qe7+ Kh6 31.Qe3+ Kh5 32.Qg3 Qd4 33.Rxg2 Rxg3 34.fxg3 Qf6 35.Rcc2 Kg4 36.Rcf2 Qh6+
37.Kg1 Qg6 38.Rf4+ Kg5 39.Kh2 Qd3 40.Rgf2 a6 41.Kh3 b5 42.cxb5 axb5 43.Rg4+ Kh5
44.Rh4+ Kg5 45.Rg4+ Kh5 46.Rg8  1-0

[Event "Loosdorf op"]
[Site "Loosdorf"]
[Date "1993.??.??"]
[Round "4"]
[White "Sinkovics, Peter"]
[Black "Neumeier, Klaus"]
[Result "0-1"]
[WhiteElo "2325"]
[BlackElo "2330"]

1.d4 Nf6 2.c4 g6 3.Nc3 Bg7 4.e4 d6 5.Be2 O-O 6.Nf3 e5 7.O-O Nc6 8.d5 Ne7
9.Nd2 a5 10.a3 Nd7 11.Rb1 f5 12.b4 Kh8 13.Qc2 Nf6 14.f3 Nh5 15.g3 Ng8 16.c5 axb4
17.axb4 Ngf6 18.Nc4 fxe4 19.fxe4 Bh3 20.Rf2 Ng4 21.Bxg4 Bxg4 22.Be3 Qe7 23.cxd6 cxd6
24.Nb5 Rxf2 25.Bxf2 Ra6 26.Nbxd6 Qd7 27.Bc5 b5 28.Ne3 Bh3 29.Qe2 Rxd6 30.Bxd6 Qxd6
31.Qxb5 Qf8 32.Qe2 Nf6 33.Qf3 Bh6 34.Kh1 Bxe3 35.Qxe3 Ng4 36.Qe2 Kg7 37.Kg1 Qb8
38.Qc2 Qa7+ 39.Qc5 Qf7 40.Ra1 Kh6 41.Qc1+ Kh5 42.Qd2 Qb7 43.Qc3 Qb5 44.Re1 Qa4
45.Ra1 Qb5 46.Re1 Qa6 47.Qc7 Qa2 48.Qxh7+ Nh6 49.g4+ Kg5 50.Qe7+ Kf4 51.Rf1+ Bxf1
52.Kxf1 Kf3  0-1

[Event "Loosdorf op"]
[Site "Loosdorf"]
[Date "1993.??.??"]
[Round "7"]
[White "Novik, Maxim"]
[Black "Lehner, Oliver"]
[Result "1-0"]
[WhiteElo "2475"]
[BlackElo "2300"]

1.d4 Nf6 2.c4 g6 3.Nc3 Bg7 4.e4 d6 5.Nf3 O-O 6.Be2 e5 7.O-O Nc6 8.d5 Ne7
9.Nd2 a5 10.a3 c6 11.Ra2 Bd7 12.b4 axb4 13.axb4 Rxa2 14.Nxa2 b5 15.Nc3 bxc4
16.Nxc4 cxd5 17.exd5 Nf5 18.b5 Nd4 19.b6 Qa8 20.Be3  1-0

[Event "Loosdorf op"]
[Site "Loosdorf"]
[Date "1993.??.??"]
[Round "8"]
[White "Golubev, Mihail"]
[Black "Novik, Maxim"]
[Result "1/2-1/2"]
[WhiteElo "2500"]
[BlackElo "2475"]

1.d4 Nf6 2.Nf3 g6 3.c4 Bg7 4.Nc3 O-O 5.e4 d6 6.Be2 e5 7.O-O Nc6 8.d5 Ne7
9.Ne1 Nd7 10.Be3 f5 11.f3 f4 12.Bf2 g5 13.a4 h5 14.a5 Rf7 15.c5 Nf6 16.cxd6 cxd6
17.Nb5 Ng6 18.Bxa7 Ne8 19.Bb6 Qf6 20.Rc1 Bf8 21.b4 Nh4 22.Nc7 Nxc7 23.Rxc7 Rxc7
24.Bxc7 Qg7 25.Bb6 Bd7 26.Bf2 Be7 27.Kh1 g4 28.Bb6 g3 29.Bc4 Kf7 30.Qe2 Rg8
31.b5 Qg5 32.a6 bxa6 33.bxa6 Bd8 34.Bxd8 Rxd8 35.Bb5 gxh2 36.Bxd7 Rxd7 37.Qb5 Rc7
38.Qb6 Rc1 39.Qb7+ Kg6 40.Qd7 Qxg2+ 41.Nxg2 Rxf1+ 42.Kxh2 Nxf3+ 43.Kh3 Rh1+  1/2-1/2

[Event "Lublin-B"]
[Site "Lublin"]
[Date "1993.??.??"]
[Round "11"]
[White "Maksimenko, Andrei"]
[Black "Bjerring, Kai"]
[Result "1-0"]
[WhiteElo "2435"]
[BlackElo "2350"]

1.d4 Nf6 2.c4 g6 3.Nc3 Bg7 4.e4 d6 5.Nf3 O-O 6.Be2 e5 7.O-O Nc6 8.d5 Ne7
9.Ne1 Nd7 10.Be3 f5 11.f3 Kh8 12.Nd3 c5 13.dxc6 bxc6 14.Nf2 Qc7 15.b4 Nb6
16.c5 dxc5 17.bxc5 Nd7 18.Na4 Ng8 19.Bc4 Ngf6 20.Qc2 Rd8 21.exf5 gxf5 22.Qxf5 Nxc5
23.Qc2 Nxa4 24.Qxa4 Nd5 25.Bg5 Rf8 26.Rac1 Be6 27.Bb3 Rac8 28.Ne4 Qb6+ 29.Kh1 Bg8
30.Nc5 Rfe8 31.Rfd1 Bf7 32.Ne4 Ne3  1-0

[Event "POL-chT"]
[Site "Lubniewice"]
[Date "1993.??.??"]
[Round "?"]
[White "Ehrenfeucht, Wojciech"]
[Black "Schmidt, Wlodzimierz"]
[Result "1/2-1/2"]
[WhiteElo "2350"]
[BlackElo "2440"]

1.Nf3 Nf6 2.c4 g6 3.Nc3 Bg7 4.e4 d6 5.Be2 O-O 6.O-O e5 7.d4 Nc6 8.d5 Ne7
9.b4 Nh5 10.g3 f5 11.Ng5 Nf6 12.f3 c6 13.Be3 h6 14.Ne6 Bxe6 15.dxe6 Qc7 16.Qd2 Kh7
17.b5 Rfd8 18.bxc6 bxc6 19.Rab1 Qc8 20.Rfd1 Qxe6  1/2-1/2

[Event "POL-chT"]
[Site "Lubniewice"]
[Date "1993.??.??"]
[Round "?"]
[White "Gleizerov, Evgeny"]
[Black "Kaminski, Marcin"]
[Result "1-0"]
[WhiteElo "2525"]
[BlackElo "2450"]

1.d4 Nf6 2.c4 g6 3.Nc3 Bg7 4.e4 d6 5.Nf3 O-O 6.Be2 e5 7.O-O Nc6 8.d5 Ne7
9.Nd2 a5 10.a3 c5 11.Rb1 Ne8 12.b4 axb4 13.axb4 b6 14.bxc5 bxc5 15.Nb3 Kh8
16.Bd2 Ng8 17.Ra1 Rxa1 18.Qxa1 f5 19.Na5 Nef6 20.Nc6 Qd7 21.exf5 gxf5 22.Qa7 Bh6
23.Bxh6 Nxh6 24.Ra1 f4 25.Bd3 Qxa7 26.Rxa7 Bf5 27.Bf1 Bg6 28.Nb5 Nf5 29.f3 e4
30.fxe4 Nxe4 31.Bd3 Ne3 32.Bxe4 Bxe4 33.Nxd6 Bxg2 34.Nd8 f3 35.N6f7+ Kg8
36.Nh6+ Kh8 37.Nhf7+ Kg8 38.Ne6 f2+ 39.Kxf2 Rxf7+ 40.Rxf7 Kxf7 41.Kxe3 Bf1
42.Nxc5 Bxc4 43.Kd4 Bf1 44.Ke5 Bg2 45.Ne6 h5 46.d6  1-0

[Event "POL-chT"]
[Site "Lubniewice"]
[Date "1993.??.??"]
[Round "?"]
[White "Kaczorowska, Barbara"]
[Black "Brustman, Agnieszka"]
[Result "0-1"]
[WhiteElo "2230"]
[BlackElo "2280"]

1.d4 Nf6 2.c4 g6 3.Nc3 Bg7 4.Nf3 O-O 5.e4 d6 6.Be2 e5 7.O-O Nc6 8.dxe5 dxe5
9.Qxd8 Rxd8 10.Bg5 Rd7 11.Rfd1 Rxd1+ 12.Rxd1 Bg4 13.Be3 Ne8 14.Ne1 Bxe2 15.Nxe2 Nd6
16.c5 Nxe4 17.f3 Nf6 18.g4 Rd8 19.Rxd8+ Nxd8 20.Nc3 c6 21.Bg5 Ne6 22.Bxf6 Bxf6
23.b4 Bg5 24.Ne4 f5 25.gxf5 gxf5 26.Nd6 Nd4 27.Kg2 b5 28.cxb6 axb6 29.Nc4 e4
30.fxe4 fxe4 31.Nxb6 Bh4 32.Kf1 e3 33.Nd3 e2+ 34.Kg2 e1=Q 35.Nxe1 Bxe1 36.a3 Kf7
37.Kf1 Bd2 38.Nc4 Bf4 39.a4 Bxh2 40.b5 cxb5 41.axb5 Nxb5 42.Kg2 Bc7 43.Kh3 Nd4
44.Ne3 Kg6 45.Ng2 Kg5 46.Ne3 Ne2 47.Kg2 Nf4+ 48.Kf3 Ng6 49.Kg2 Be5 50.Kh3 Nf4+
51.Kg3 h5 52.Nf1 Ng6+ 53.Kh3 Bf4 54.Kg2 Kg4 55.Kf2 h4 56.Kg2 Ne5 57.Kf2 Nd3+
58.Kg2 h3+ 59.Kg1 Kf3 60.Kh1 Kf2 61.Nh2 Bxh2 62.Kxh2 Nf4 63.Kh1 Kg3 64.Kg1 Nd3  0-1

[Event "POL-chT"]
[Site "Lubniewice"]
[Date "1993.??.??"]
[Round "?"]
[White "Gralka, Julian"]
[Black "Schmidt, Wlodzimierz"]
[Result "1/2-1/2"]
[WhiteElo "2300"]
[BlackElo "2440"]

1.Nf3 Nf6 2.c4 g6 3.Nc3 Bg7 4.e4 d6 5.d4 O-O 6.Be2 e5 7.O-O Nc6 8.d5 Ne7
9.Ne1 Nd7 10.f3 f5 11.g4 Kh8 12.Ng2 Ng8 13.h4 a5 14.Be3 Nc5 15.Rf2 Bd7 16.Rb1 b6
17.Rc1 Qe7 18.b3 Qe8 19.a3 a4 20.b4 Nb3 21.Rc2 Nd4 22.Rc1 fxg4  1/2-1/2

[Event "POL-chT"]
[Site "Lubniewice"]
[Date "1993.??.??"]
[Round "?"]
[White "Urban, Klaudiusz"]
[Black "Sznapik, Aleksander"]
[Result "1-0"]
[WhiteElo "2440"]
[BlackElo "2420"]

1.d4 Nf6 2.Nf3 g6 3.c4 Bg7 4.Nc3 O-O 5.e4 d6 6.Be2 e5 7.O-O Nc6 8.d5 Ne7
9.Ne1 Nd7 10.Be3 f5 11.f3 f4 12.Bf2 g5 13.a4 Ng6 14.a5 Nf6 15.c5 Rf7 16.cxd6 cxd6
17.Nb5 g4 18.Nxa7 g3 19.Bb6 gxh2+ 20.Kxh2 Qe7 21.Nxc8 Rxc8 22.Rh1 Nh5 23.Kg1 Ng3
24.Rh3 Bf6 25.Bb5 Qf8 26.Qa4 Qg7 27.b3 Nh4 28.Qb4 Kh8 29.Qxd6 Rg8 30.Ra2 Qg5
31.Qb4 Rfg7 32.Qd2 Bd8 33.Bc5 Qh5 34.Qd3 Bxa5 35.Rxa5 Nxe4 36.Qxe4 Rxg2+
37.Nxg2 Qg5 38.Ra2 Nxg2 39.Qxh7+  1-0

[Event "Wch Team"]
[Site "Luzern"]
[Date "1993.??.??"]
[Round "1"]
[White "Lputian, Smbat G"]
[Black "Lanka, Zigurds"]
[Result "0-1"]
[WhiteElo "2565"]
[BlackElo "2540"]

1.d4 Nf6 2.Nf3 g6 3.c4 Bg7 4.Nc3 d6 5.e4 O-O 6.Be2 e5 7.O-O Nc6 8.Be3 Ng4
9.Bg5 f6 10.Bc1 Kh8 11.h3 exd4 12.Nb5 d3 13.Qxd3 Nge5 14.Nxe5 fxe5 15.Be3 a6
16.Na3 Nd4 17.Nc2 Ne6 18.g3 a5 19.Rfd1 b6 20.Bf1 Nc5 21.Bxc5 bxc5 22.Ne3 Be6
23.h4 Bh6 24.Nd5 Qd7 25.Bg2 Rf7 26.Rf1 Raf8 27.Rae1 Bg4 28.Qc3 a4 29.Qc2 Be6
30.b3 axb3 31.axb3 Bg4 32.Ra1 c6 33.Nc3 Bf3 34.Qd3 Qg4 35.Rae1 Bxg2 36.Kxg2 Qf3+
37.Qxf3 Rxf3 38.Nd1 Rxb3 39.Ne3 Bxe3 40.fxe3 Kg7 41.Rxf8 Kxf8 42.Kf3 Rc3
43.Rd1 Ke7 44.Rb1 Rxc4 45.Rb7+ Ke6 46.Rxh7 d5 47.Rg7 dxe4+ 48.Kg4 Rc1 49.Rxg6+ Kd5
50.Rf6 c4 51.Rf2 c3 52.Rh2 Rd1 53.h5 Rd2 54.Rh1 c2 55.h6 Rd1 56.Rh2 c1=Q
57.h7 Rh1 58.h8=Q Rxh2 59.Qxh2 Qxe3 60.Qa2+ Kd6 61.Qa8 Qf3+ 62.Kh3 e3 63.Qd8+ Kc5
64.Qd3 Qh1+ 65.Kg4 Qd5 66.Qa3+ Kd4 67.Qa1+ Kd3 68.Qd1+ Kc3 69.Qc1+ Kb4 70.Qb2+ Ka4
71.Qa1+ Kb4 72.Qb2+ Ka5 73.Qc3+ Kb6 74.Kf5 Qd7+ 75.Kf6 Qd4 76.Qb3+ Kc5 77.Qc2+ Qc4
78.Qb2 e2 79.Qxe5+ Kb4  0-1

[Event "Lyon op"]
[Site "Lyon"]
[Date "1993.??.??"]
[Round "1"]
[White "Monnard, Laurent"]
[Black "Gallagher, Joseph G"]
[Result "1/2-1/2"]
[WhiteElo "2250"]
[BlackElo "2500"]

1.d4 Nf6 2.Nf3 g6 3.c4 Bg7 4.Nc3 O-O 5.e4 d6 6.Be2 e5 7.O-O Nc6 8.Be3 Ng4
9.Bg5 f6 10.Bh4 Nh6 11.dxe5 dxe5 12.c5 Be6 13.Qa4 Kh8 14.Rfd1 Qe8 15.Bb5 a6
16.Bxc6 bxc6 17.Rd3 Ng8 18.Rad1 Ne7 19.Bg3 h6 20.h3 g5 21.Nd2 f5 22.exf5 Nxf5
23.Bh2 Nd4 24.Nde4 Qf7 25.b3 Bf5 26.Kh1 Qg6 27.Re3 a5 28.f3 Qf7 29.Nf2 Rfe8
30.Ng4 Bxg4 31.hxg4 Reb8 32.Bxe5 Rb4 33.Rxd4 Rxa4 34.Bxg7+ Qxg7 35.Rxa4 Rd8
36.Rae4 Qd7 37.Re7 Qd2 38.R7e4 Rd7 39.Kh2 Rf7 40.Re8+ Kg7 41.Ne2 h5 42.Ng3 h4
43.Nf5+ Kh7 44.R8e6 Qb4 45.Rh6+ Kg8 46.Re8+ Rf8 47.Ree6 Qf4+ 48.Kh1 Rxf5
49.gxf5 Qc1+ 50.Kh2 Qf4+ 51.Kg1 Qc1+  1/2-1/2

[Event "Lyon op"]
[Site "Lyon"]
[Date "1993.??.??"]
[Round "4"]
[White "Makarjev, Ilja"]
[Black "Jordan, William"]
[Result "1/2-1/2"]
[WhiteElo "2335"]
[BlackElo "2310"]

1.d4 Nf6 2.c4 g6 3.Nc3 Bg7 4.e4 O-O 5.Nf3 d6 6.Be2 e5 7.O-O Nc6 8.d5 Ne7
9.Ne1 c5 10.f4 Nd7 11.f5 a6 12.a4 Rb8 13.g4 Kh8 14.Nf3 Ng8 15.h4 Ndf6 16.g5 Nxe4
17.Nxe4 gxf5 18.Ng3 e4 19.Ne1 Bd4+ 20.Kg2 Ne7 21.Nc2 Be5 22.Bf4 Bxf4 23.Rxf4 Ng6
24.Qd2 f6 25.gxf6 Qxf6 26.Rf2 Nxh4+ 27.Kh2 Nf3+ 28.Bxf3 Qh4+ 29.Kg2 exf3+
30.Rxf3 f4 31.Rh1 Qg4 32.Qc3+ Kg8 33.Ne3 Qg6 34.Rh4 Qg5 35.Rh5 Qg6 36.Rh4 Qg5
37.Rh5 Qg6 38.Rh4  1/2-1/2